000 00649nam a2200181Ia 4500
008 090124s9999 xx 000 0 und d
082 _b20422
_a417
100 _aजोशी श्रीकृष्ण बा.
245 _a राष्ट्रीय ग्रंथ सूचि 1968
250 _a1
260 _c1974
300 _a294
600 _aजोशी श्रीकृष्ण बा.
630 _a राष्ट्रीय ग्रंथ सूचि 1968
700 _aजोशी श्रीकृष्ण बा.
730 _a राष्ट्रीय ग्रंथ सूचि 1968
942 _cBOOK
999 _c134228
_d134228